000 00278 a2200145 4500
001 160943
020 _a
040 _cMagnum
100 _aBorges, Rogerio
240 1 0 _aO pote magico
_lpor
245 1 0 _aO pote magico
362 0 _a1899
697 _aI/GERAL
942 _cBK
999 _c160943
_d160943